Impact of foreign direct investment (FDI) inflows on productivity: evidence from panel data analysis (Record no. 113447)

000 -LEADER
fixed length control field 00458pab a2200157 454500
008 - FIXED-LENGTH DATA ELEMENTS--GENERAL INFORMATION
fixed length control field 180718b2016 xxu||||| |||| 00| 0 eng d
100 ## - MAIN ENTRY--PERSONAL NAME
Personal name Jena, Pabitra Kumar
245 ## - TITLE STATEMENT
Title Impact of foreign direct investment (FDI) inflows on productivity: evidence from panel data analysis
260 ## - PUBLICATION, DISTRIBUTION, ETC.
Date of publication, distribution, etc. 2016
300 ## - PHYSICAL DESCRIPTION
Extent p.246-256.
362 ## - DATES OF PUBLICATION AND/OR SEQUENTIAL DESIGNATION
Dates of publication and/or sequential designation Oct-Dec
650 ## - SUBJECT ADDED ENTRY--TOPICAL TERM
Topical term or geographic name entry element Foreign investment
700 ## - ADDED ENTRY--PERSONAL NAME
Personal name Chattopadhyay, Utpal
773 ## - HOST ITEM ENTRY
Main entry heading Productivity
909 ## -
-- 113452
Holdings
Withdrawn status Lost status Damaged status Not for loan Permanent Location Current Location Date acquired Serial Enumeration / chronology Barcode Date last seen Price effective from Koha item type
        Indian Institute of Public Administration Indian Institute of Public Administration 2018-07-19 Volume no: 57, Issue no: 3 AR113912 2018-07-19 2018-07-19 Articles

Powered by Koha